Chính trị học đại cương
Sách, dựa trên cơ sở của chủ nghĩa Mác-Lênin và tư tưởng Hồ Chí Minh, phân tích một loạt các khái niệm, phạm trù quan trọng cũng như cơ sở lý luận của chính trị học, nhằm đáp ứng một phần tri thức khoa học chính trị cho đọc giả cũng như c...
Αποθηκεύτηκε σε:
| Μορφή: | Βιβλίο |
|---|---|
| Γλώσσα: | Undetermined |
| Έκδοση: |
Thành phố Hồ Chí Minh
Nxb. Thành phố Hồ Chí Minh
1997
|
| Θέματα: | |
| Ετικέτες: |
Προσθήκη ετικέτας
Δεν υπάρχουν, Καταχωρήστε ετικέτα πρώτοι!
|
| Thư viện lưu trữ: | Trung tâm Học liệu Trường Đại học Cần Thơ |
|---|
| LEADER | 00923nam a2200181Ia 4500 | ||
|---|---|---|---|
| 001 | CTU_15590 | ||
| 008 | 210402s9999 xx 000 0 und d | ||
| 082 | |a 320.01 | ||
| 082 | |b Ch312 | ||
| 245 | 0 | |a Chính trị học đại cương | |
| 245 | 0 | |c Đinh Văn Mậu...[et al.] | |
| 260 | |a Thành phố Hồ Chí Minh | ||
| 260 | |b Nxb. Thành phố Hồ Chí Minh | ||
| 260 | |c 1997 | ||
| 520 | |a Sách, dựa trên cơ sở của chủ nghĩa Mác-Lênin và tư tưởng Hồ Chí Minh, phân tích một loạt các khái niệm, phạm trù quan trọng cũng như cơ sở lý luận của chính trị học, nhằm đáp ứng một phần tri thức khoa học chính trị cho đọc giả cũng như các bạn sinh viên. | ||
| 650 | |a Political science | ||
| 904 | |i Bạch Trúc | ||
| 980 | |a Trung tâm Học liệu Trường Đại học Cần Thơ | ||